000 00245nam a2200109Ia 4500
008 240625s9999 xx 000 0 und d
041 _aeng
082 _a658.8342 SCH
100 _aSCHIFFMAN LEON G
245 _aCONSUMER BEHAVIOR
260 _c2016
999 _c39080
_d39080